Specifier (Record no. 76897)

MARC details
000 -LEADER
fixed length control field 00740cab a2200181 4500
001 - CONTROL NUMBER
control field ##L133267
008 - FIXED-LENGTH DATA ELEMENTS--GENERAL INFORMATION
fixed length control field 060425n2006 000 0 eng u
035 ## - SYSTEM CONTROL NUMBER
System control number (Sirsi) u133267
041 0# - LANGUAGE CODE
Language code of text/sound track or separate title eng
100 1# - MAIN ENTRY--PERSONAL NAME
Personal name Waterman, Anthony
245 00 - TITLE STATEMENT
Title Specifier
Remainder of title costs
260 ## - PUBLICATION, DISTRIBUTION, ETC.
Date of publication, distribution, etc. 2006
490 #0 - SERIES STATEMENT
Series statement Building
Volume/sequential designation 271(8427) 21 April 2006, 89-92(3)
520 ## - SUMMARY, ETC.
Summary, etc. Examines two new systems of treating domestic wastewater in small and rural communities, and compares the whole-life costs of a conventional wastewater treatment plant to reed bed and sand filter treatment systems. Also contains list of main suppliers of energy efficient products.
590 ## - LOCAL NOTE (RLIN)
Local note IKA250406
690 ## - LOCAL SUBJECT ADDED ENTRY--TOPICAL TERM (OCLC, RLIN)
Topical term or geographic name as entry element ENVIRONMENTAL AND LAND CONSULTANCY-WASTE MANAGEMENT
942 ## - ADDED ENTRY ELEMENTS (KOHA)
Suppress in OPAC 0
Holdings
Withdrawn status Lost status Source of classification or shelving scheme Damaged status Not for loan Home library Current library Shelving location Date acquired Total Checkouts Full call number Barcode Date last seen Copy number Price effective from Koha item type
    Dewey Decimal Classification     London London Journal article 25/04/2006   L133267 133267-1001 06/08/2019 1 06/08/2019 Journal article